Вихревой преобразователь расхода ВИР-100; Энергосбережение; № 1

Dades bibliogràfiques
Parent link:Энергосбережение: специализированный журнал/ Ассоциация инженеров по отоплению, вентиляции, кондиционированию воздуха, теплоснабжению и строительной теплофизике (АВОК), ООО ИИП "АВОК-ПРЕСС".— , 2000-.— 1609-7505
№ 1.— 2003.— С. 51
Idioma:rus
Publicat: 2003
Col·lecció:Учёт энергоресурсов
Matèries:
Format: MixedMaterials Capítol de llibre
KOHA link:https://koha.lib.tpu.ru/cgi-bin/koha/opac-detail.pl?biblionumber=386338

MARC

LEADER 00000naa2a2200000 4500
001 386338
005 20231101063451.0
035 |a (RuTPU)RU\TPU\prd\15011 
090 |a 386338 
100 |a 20030610a2003 k y0rusy50 ca 
101 0 |a rus 
102 |a RU 
200 1 |a Вихревой преобразователь расхода ВИР-100 
225 1 |a Учёт энергоресурсов 
461 1 |0 (RuTPU)RU\TPU\prd\913  |x 1609-7505  |t Энергосбережение  |o специализированный журнал  |f Ассоциация инженеров по отоплению, вентиляции, кондиционированию воздуха, теплоснабжению и строительной теплофизике (АВОК), ООО ИИП "АВОК-ПРЕСС"  |d 2000- 
463 1 |0 (RuTPU)RU\TPU\prd\11501  |t № 1  |v С. 51  |d 2003 
610 1 |a вихревые преобразователи 
610 1 |a преобразователи расхода 
610 1 |a расход жидкости 
610 1 |a счётчики 
801 1 |a RU  |b 63413507  |c 20030610  |g PSBO 
801 2 |a RU  |b 63413507  |c 20120417  |g RCR 
942 |c BK